Juego y comida dan salud a tu vida. Programa educativo en alimentación y actividad física para escuelas primarias. Guía del maestro. Sexto grado.

Salvato in:
Dettagli Bibliografici
Autore principale: Plazas Belausteguigoitia, Maite (autor)
Natura: Libro
Lingua:spagnolo
Edizione:3a edición
Soggetti:
Tags: Aggiungi Tag
Nessun Tag, puoi essere il primo ad aggiungerne!!

MARC

LEADER 00000nam^a2200000^u^4500
001 000518710
005 20250521000000.0
008 110826s1000^^^^^^^^^^^^r^^^^^000^0^spa^d
009 20260310130423.894
035 |a FCE 000062941 
037 |a Acervo ITESO - Biblioteca 
041 |a spa 
082 0 4 |a 613.7  |b JCSV-GUI-M 6o.G. 
100 |a Plazas Belausteguigoitia, Maite  |e (autor) 
245 1 0 |a Juego y comida dan salud a tu vida.  |b Programa educativo en alimentación y actividad física para escuelas primarias. Guía del maestro. Sexto grado. 
250 |a 3a edición 
264 |a México:  |b Talleres Editores Buena Onda,  |c 2008. 
300 |a 165 p. 
336 |a texto  |b txt  |2 rdacontenido 
337 |a sin mediación  |b n  |2 rdamedio 
338 |a volumen  |b nc  |2 rdasoporte 
649 |a XX 
650 |a Alimentación 
650 |a Material didáctico 
650 |a Hábitos alimenticios 
650 |a Actividad física 
650 |a Guía para docentes 
910 |a Fondo Centro de Estudios Educativos 
920 |a Impresos - Libros 
930 |a Fondos Especiales 
905 |a 133 
901 |a ALE071106  |b IT2  |c CEE  |u 20250521 
902 |a https://opac.biblio.iteso.mx/vufind/Record/000518710